Giáo trình 3: Trang trí nội thất,

保存先:
書誌詳細
第一著者: Trần Xua
フォーマット: 図書
言語:Vietnamese
出版事項: TP.HCM Trường CĐ KT Cao Thắng,
版:lần thứ I
主題:
タグ: タグ追加
タグなし, このレコードへの初めてのタグを付けませんか!
Thư viện lưu trữ: Thư viện Trường CĐ Kỹ Thuật Cao Thắng
LEADER 00774nam a2200253 a 4500
001 TVCDKTCT15532
003 CT=005 20150116074505.1
005 20150123102512.7
008 150115syyyy vn
980 \ \ |a Thư viện Trường CĐ Kỹ Thuật Cao Thắng 
024 |a RG_1 #1 eb0 i1 
020 # # |c 10.000 Đồng 
041 0 # |a vie 
082 # # |a 684   |b GI-108T 
100 |a Trần Xua 
245 # # |a Giáo trình 3: Trang trí nội thất,   |c Đinh Văn Thanh 
250 # # |a lần thứ I 
260 # # |a TP.HCM   |b Trường CĐ KT Cao Thắng,  
300 # # |a 47 tr   |c 24 cm 
541 # # |a Tặng 
650 # 4 |a Giáo trình 
650 # 4 |a Trang trí nội thất 
653 # # |a Mộc-đúc 
841 # # |b Kho Sách   |j 100043830